000 00801nam a2200241 a 4500
001 9823
003 BD-RjUL
005 20211208234838.0
008 170604r19711970enka 001 0 eng d
035 _a(BD-RjUL)9868
040 _aBD-RjUL
_beng
_cBD-RjUL
041 _aeng
082 _223
_a540.712
_bNUC 1971
110 1 _aNuffield Foundation.
_bScience Teaching Project.
_9217659
245 1 0 _aChemistry /
_cNuffield Foundation. Science Teaching Project.
260 _aHarmondsworth, Eng. :
_bPenguin Books,
_cc1970 [Reprinted 1971].
300 _avol. :
_bill. ;
_c21 cm.
490 _aNuffield advanced science, chemistry
500 _aIncludes index.
505 0 _av. 2 (Teachers' guide Ii; topics 13 to 19)--
650 _aChemistry -- Study and teaching (Secondary)
_930350
942 _2ddc
_cBK
999 _c9823
_d9823